Arkham City Villains Quiz Stats

 Plays Quiz not verified by Sporcle

Challenge
Share
Tweet
Embed
Score 0/17 Timer 05:00
0 Plays Today
% Correct
Joker
98.2%
Harley Quinn
87.4%
Penguin
87.4%
Mr Freeze
82%
Ra's al Ghul
79.3%
Riddler
77.5%
Bane
75.7%
Hugo Strange
73%
Catwoman
71.2%
% Correct
Poison Ivy
68.5%
Talia al Ghul
63.1%
Deadshot
60.4%
Solomon Grundy
54.1%
Mad Hatter
53.2%
Victor Zsasz
39.6%
Black Mask
37.8%
2 Face
18.9%

You're not logged in!

Compare scores with friends on all Sporcle quizzes.
OR
Log In

You Might Also Like...

Show Comments

Extras

Top Quizzes Today


Score Distribution

Your Account Isn't Verified!

In order to create a playlist on Sporcle, you need to verify the email address you used during registration. Go to your Sporcle Settings to finish the process.

Report this User

Report this user for behavior that violates our Community Guidelines.

Details: